000 00715nam a2200229Ia 4500
003 OSt
005 20220926005439.0
006 a|||||r|||| 00| 0
007 ta
008 220923b |||||||| |||| 00| 0 eng d
037 _cGeneral Book
040 _aRTL
_cRTL
_beng
041 _2eng
_aeng
082 _aX9(J):9-16.2.N9, N8
245 0 _aIssues in natural resource regeneration
_b Implicati
260 _a New Delhi
_bSPWD
_c1998
300 _a62p
_ccm.
490 _aWorkshop on Marginal Agriculture; 1. Society for Promotion of Wastelands Development Publication
650 _aAgricultural Economics
942 _hX9(J):9-16.2.N9, N8
_cGB
_2CC
999 _c613883
_d613883